000 00476nam a2200145 a 4500
001 000039494
005 20201002031658.0
008 130905s2013 dr 000 0 spa d
040 _aDO-SdBNP
_bspa
_cBNPHU
082 _axxxx
_bxxx
100 1 _aSolano, Juana A.
_955490
245 1 0 _aSalud integral de niños, niñas y adolescentes :
_bmanual práctico /
_cJuana A. Solano.
260 _aSanto Domingo, :
_bUniversidad Católica Santo Domingo,
_c2013.
300 _a75 p. ;
_c28 cm.
999 _c38984
_d38984